British Sports Stars By Surname - The Letter A (Photo Quiz) - Statistics

General Stats
  • This quiz has been taken 94 times
  • The average score is 8 of 16
Answer Stats
Picture Hint Answer % Correct
Born 1989 (Swimming) Rebecca Adlington
88%
Born 1982 (Boxing) Nicola Adams
86%
Born 1966 (Football) Tony Adams
82%
Born 1982 (Cricket) James Anderson
70%
Born 1968 (Cricket) Mike Atherton
64%
Born 1995 (Athletics) Dina Asher-Smith
62%
Born 1956 (Football) Viv Anderson
59%
Born 1958 (Athletics) Kriss Akabusi
54%
1931-2020 (Golf) Peter Alliss
51%
Born 1958 (Judo) Neil Adams
33%
Born 1987 (Football) Eni Aluko
32%
1935-2018 (Football) Jimmy Armfield
29%
1899-1978 (Athletics) Harold Abrahams
20%
Born 1985 (Football) Anita Asante
9%
Born 1953 (Guyana) (Boxing) Dennis Andries
8%
Born 1965 (Boxing) Henry Akinwande
4%
No matching quizzes found
Score Distribution
Percent of People with Each Score
Percentile by Number Answered
Your Score History
You have not taken this quiz